000 01981nam0a22003011 4500
001 v19\rc\1636777
005 20260412063251.0
035 _a(NLR Aleph) 005240321
090 _a5697463
_c5697463
100 _a20061002d1900 |||y0rusy50 ca
101 1 _arus
_cfre
102 _aRU
105 _ay z |||a|
200 1 _aНовые рассказы Гюи де-Мопассана
_fПер. с фр. С.С. Миримановой
205 _a(Посмерт. изд.)
210 _aСанкт-Петербург
_cред. "Нового журн. иностр. литературы"
_d1900
215 _a[2], 189, [2] с.
_d16
327 0 _aСодержание: Дядя Милон; Весенний вечер; Слепой; Пирог; Прыжок пастуха; Старые предметы; Магнетизм; Корсиканский бандит; Возле умершей; Сны; Исповедь женщины; Сирота; Страсть; Два письма; Хитрость; Ивелина Самори; Друг Жозефа; Лунный свет
464 0 _12001#$aДядя Милон$aВесенний вечер$aСлепой$aПирог$aПрыжок пастуха$aСтарые предметы$aМагнетизм$aКорсиканский бандит$aВозле умершей$aСны$aИсповедь женщины$aСирота$aСтрасть$aДва письма$aХитрость$aИвелина Самори$aДруг Жозефа$aЛунный свет
_tЛунный свет
700 1 _8rus
_7ca
_aМопассан
_bГ. де
_f1850-1893
_gГи де
_3RU\NLR\AUTH\7713484
_9123173
702 1 _4730
_8rus
_7ca
_aМириманова
_bС. С.
_f19 в.
_gСофья Семеновна
_3RU\NLR\AUTH\7780224
_963152
801 2 _aRU
_bNLR
_c20090914
_2rusmarc
801 0 _aRU
_bNLR
_c20061002
_gpsbo
801 0 _aRU
_bRuMoRGB
_c20061002
_2psbo
801 1 _aRU
_bProSoft-M
_c20061002
_2rusmarc
852 _aNLR
_j20.47.7.23
942 _cBOOK
980 _aNB